000 00442nam a2200181Ia 4500
001 19742
005 20260306172715.0
008 260306t2003||||xx |||||||||||||| ||spa||
041 _aESP
082 _a341
_bP78
100 _aPortela, Jorge Guillermo
_eAUT
245 0 _aLa obediencia al derecho:
_by otros ensayos
260 _c2003
300 _a192 páginas :
_c21 cm.
650 _aGEN
654 _aCDE
942 _cLIB
_dJUS
_fJUS
_2ddc
_n
999 _c19742
_d19742